书目信息 |
| 题名: |
中国电影金鸡奖文集
|
|
| 作者: | ;中国电影家协会 编 | |
| 分册: | ||
| 出版信息: | 北京 中国电影出版社 1983.4 |
|
| 页数: | 197页 | |
| 开本: | 20cm | |
| 丛书名: | ||
| 单 册: | ||
| 中图分类: | J992 | |
| 科图分类: | ||
| 主题词: | 电影事业 | |
| 电子资源: | ||
| ISBN: | ||
| 000 | 00644nam0 2200205 45 | |
| 001 | 0312221749 | |
| 005 | 20040509152544.1 | |
| 010 | @dCNY1.15 | |
| 100 | @a20031222d1983 km y0chiy0120 ea | |
| 101 | @achi | |
| 105 | @a z 000yy | |
| 200 | 1 | @a中国电影金鸡奖文集@e1981年第1届@E1981 Nian Di 1 Jie@AZhong Guo Dian Ying Jin Ji Jiang Wen Ji@f中国电影家协会编@FZhong Guo Dian Ying Jia Xie Hui Bian |
| 210 | @a北京@c中国电影出版社@d1983.4 | |
| 215 | @a197页@c照片@d20cm | |
| 517 | @a1981年第1届@A1981 Nian Di 1 Jie | |
| 606 | 0 | @a电影事业 |
| 690 | @aJ992@v3 | |
| 711 | 02 | @a中国电影家协会@4编 |
| 801 | @aCN@bTSTCL@c20031222 | |
| 905 | @dJ992@e11:1 | |
| 中国电影金鸡奖文集:1981年第1届/中国电影家协会编.-北京:中国电影出版社,1983.4 |
| 197页:照片;20cm |
| ISBN :CNY1.15 |
| ● |
| 相关链接 |
|
|
|
|
正题名:中国电影金鸡奖文集
索取号:J992/11:1
 
预约/预借
| 序号 | 登录号 | 条形码 | 馆藏地/架位号 | 状态 | 备注 |
| 1 | 0094154 | 001218603 | 第一借阅区/ [索取号:J992/11:1] | 在馆 | |
| 2 | 0094155 | 001218612 | 第一借阅区/ [索取号:J992/11:1] | 在馆 | |
| 3 | 0094156 | 001218578 | 第一样本阅览室/ [索取号:J992/11:1] | 在馆 |